000 00466nam a2200181Ia 4500
008 131103s9999 xx 000 0 und d
040 _aLoreto College
041 _aEnglish
082 _a920/HOL
_bLCLIB/
100 _aHollis, Christopher
245 _aAlong the road to frome
_cChristopher Hollis
260 _aLondon
_bGeorge
_c1958
300 _a256p.
_c 22cm.
504 _aincludes index
650 _aBiography
850 _aLCLIB/920/HOL
942 _cBK
999 _c25176
_d75655